| 000 | 00525nam a22001577a 4500 | ||
|---|---|---|---|
| 005 | 20251108165548.0 | ||
| 008 | 250721s1993 xx 000 0 ara d | ||
| 082 | 1 | 4 | _aم/332.6083/سوق |
| 245 | 1 | 0 | _aالنشرة الإحصائية الشهرية / |
| 264 | 1 |
_aعمان : _bسوق عمان المالي - دائرة الأبحاث و الدراسات، _c1993. |
|
| 650 | 1 | 7 | _aالإحصاءات التجارية |
| 650 | 1 | 7 | _aالنقود |
| 710 | 2 | _aسوق عمان المالي | |
| 942 |
_2ddc _cREF |
||
| 999 |
_c30844 _d30844 |
||